[Event "Reykjavik op"]
[Site "Reykjavik"]
[Date "2018.03.07"]
[Round "3"]
[White "Steinthorsson, Birgir Logi"]
[Black "Mirza, Diana"]
[Result "0-1"]
[WhiteElo "1062"]
[BlackElo "1849"]
[PlyCount "64"]
[EventDate "2018.03.06"]
[EventType "swiss"]
[EventRounds "9"]
[EventCountry "ISL"]
[SourceTitle "CBM 183 Extra"]
[Source "ChessBase"]
[SourceDate "2018.04.19"]
[SourceVersion "1"]
[SourceVersionDate "2018.04.19"]
[SourceQuality "1"]

1. d4 Nf6 2. Nf3 g6 3. Bf4 Bg7 4. Nbd2 d6 5. e3 0-0 6. Bc4 Nh5 7. Bg5 c5 8. 0-0 h6 9. Bf4 Nxf4 10. exf4 cxd4 11. Nh4 d5 12. Bd3 e5 13. g3 e4 14. Bb5 a6 15. Ba4 Bh3 16. Re1 Nc6 17. Bxc6 bxc6 18. Nb3 Qb6 19. Ng2 c5 20. c3 dxc3 21. Qxd5 cxb2 22. Rab1 Be6 23. Qd2 c4 24. Nd4 Qxd4 25. Qb4 c3 26. Qxd4 Bxd4 27. Ne3 Bxa2 28. Rbd1 Bxe3 29. fxe3 c2 30. Rc1 b1Q 31. Rxb1 cxb1Q 32. Rxb1 Bxb1 0-1

[Event "Reykjavik op"]
[Site "Reykjavik"]
[Date "2018.03.06"]
[Round "1"]
[White "Steinthorsson, Birgir Logi"]
[Black "Danielsson, Sigurdur G"]
[Result "0-1"]
[WhiteElo "1062"]
[BlackElo "1791"]
[PlyCount "70"]
[EventDate "2018.03.06"]
[EventType "swiss"]
[EventRounds "9"]
[EventCountry "ISL"]
[SourceTitle "CBM 183 Extra"]
[Source "ChessBase"]
[SourceDate "2018.04.19"]
[SourceVersion "1"]
[SourceVersionDate "2018.04.19"]
[SourceQuality "1"]

1. d4 d5 2. Nf3 c5 3. dxc5 Nc6 4. Bf4 f6 5. e4 e5 6. Bg3 d4 7. Nbd2 Bxc5 8. Nc4 b5 9. Ncd2 a6 10. Nb3 Bb4+ 11. c3 dxc3 12. Qxd8+ Kxd8 13. 0-0-0+ Kc7 14. a3 cxb2+ 15. Kxb2 Be7 16. Rc1 Kb6 17. Nh4 g5 18. Nf5 Bxf5 19. exf5 Rd8 20. f3 Nh6 21. Bf2+ Kb7 22. g3 Nxf5 23. Bg2 Ncd4 24. Na5+ Kb6 25. Be1 Ne3 26. Bh3 f5 27. Bf2 f4 28. gxf4 gxf4 29. Rhg1 Kxa5 30. Be1+ Kb6 31. Rg7 Bc5 32. Bh4 Rdg8 33. Rd7 Nc4+ 34. Ka2 Kc6 35. a4 Rg2+ 0-1

[Event "Reykjavik op"]
[Site "Reykjavik"]
[Date "2017.04.22"]
[Round "5"]
[White "Steinthorsson, Birgir Logi"]
[Black "Briem, Benedikt"]
[Result "0-1"]
[WhiteElo "1040"]
[BlackElo "1446"]
[PlyCount "62"]
[EventDate "2017.04.19"]
[EventType "swiss"]
[EventRounds "10"]
[EventCountry "ISL"]
[SourceTitle "CBM 178 Extra"]
[Source "ChessBase"]
[SourceDate "2017.06.22"]
[SourceVersion "1"]
[SourceVersionDate "2017.06.22"]
[SourceQuality "1"]

1. e4 d5 2. exd5 Qxd5 3. Nc3 Qd6 4. Bb5+ c6 5. Bc4 Nf6 6. Nf3 Bg4 7. h3 Bh5 8. 0-0 e6 9. Be2 Nbd7 10. Ng5 Bxe2 11. Qxe2 Be7 12. Nge4 Qc7 13. d3 h6 14. Qf3 e5 15. Nxf6+ Nxf6 16. Ne4 Nxe4 17. Qxe4 0-0 18. Qg4 f5 19. Qg6 Rf6 20. Qg3 Bd6 21. f4 exf4 22. Bxf4 Bxf4 23. Rxf4 g5 24. Rg4 Qb6+ 25. d4 fxg4 26. Qe5 Raf8 27. hxg4 Qxb2 28. Re1 Qxc2 29. d5 Qc5+ 30. Re3 Qxd5 31. Qxd5+ cxd5 0-1

[Event "Reykjavik op"]
[Site "Reykjavik"]
[Date "2016.03.09"]
[Round "3"]
[White "Ruonala, Robert"]
[Black "Steinthorsson, Birgir Logi"]
[Result "1-0"]
[WhiteElo "2048"]
[BlackElo "1045"]
[PlyCount "57"]
[EventDate "2016.03.08"]
[EventType "swiss"]
[EventRounds "10"]
[EventCountry "ISL"]
[SourceTitle "CBM 171 Extra"]
[Source "ChessBase"]
[SourceDate "2016.04.26"]
[SourceVersion "1"]
[SourceVersionDate "2016.04.26"]
[SourceQuality "1"]

1. d4 d5 2. Nf3 Nf6 3. c4 c6 4. Nc3 dxc4 5. a4 Qa5 6. Bd2 e6 7. e4 Bb4 8. Bxc4 Nbd7 9. 0-0 Qc7 10. Qe2 a6 11. Rac1 Nb6 12. Ba2 Ng4 13. Nd5 cxd5 14. Rxc7 0-0 15. Bxb4 Rd8 16. Ng5 Nh6 17. Qh5 Rd7 18. Rfc1 Nc4 19. Rxd7 Bxd7 20. Bxc4 dxc4 21. Rxc4 Rd8 22. Rc7 Be8 23. h3 f6 24. Qf3 a5 25. Nxe6 Ra8 26. Rxg7+ Kh8 27. Qxf6 Bf7 28. Rxh7+ Kg8 29. Qh8# 1-0

[Event "Reykjavik op"]
[Site "Reykjavik"]
[Date "2016.03.09"]
[Round "2"]
[White "Steinthorsson, Birgir Logi"]
[Black "Abrahamyan, Tatev"]
[Result "0-1"]
[WhiteElo "1045"]
[BlackElo "2324"]
[PlyCount "50"]
[EventDate "2016.03.08"]
[EventType "swiss"]
[EventRounds "10"]
[EventCountry "ISL"]
[SourceTitle "CBM 171 Extra"]
[Source "ChessBase"]
[SourceDate "2016.04.26"]
[SourceVersion "1"]
[SourceVersionDate "2016.04.26"]
[SourceQuality "1"]

1. e4 e6 2. g3 d5 3. e5 c5 4. b3 Nc6 5. Nf3 f6 6. Bb5 Qb6 7. c4 a6 8. cxd5 axb5 9. dxc6 Qxc6 10. Nc3 b4 11. Na4 b5 12. exf6 Nxf6 13. Nb2 Bb7 14. 0-0 Qxf3 15. Qxf3 Bxf3 16. Nd3 Be2 17. Re1 Bxd3 18. Rxe6+ Kf7 19. Re3 c4 20. bxc4 bxc4 21. Bb2 Bf5 22. Rf3 Re8 23. Rc1 Re2 24. Bxf6 gxf6 25. Kg2 Be4 0-1